| 000 | 00599nam a2200217 a 4500 | ||
|---|---|---|---|
| 005 | 20240911064750.0 | ||
| 008 | 991125s1987 mx 000 0 spa u | ||
| 020 | _a9688561258 | ||
| 035 | _aUPN01000049249 | ||
| 049 | _aCG | ||
| 050 | 4 |
_aBF667 _bD4.6 |
|
| 100 | 1 | _aDelahanty Matuk, Guillermo | |
| 245 | 1 | 0 |
_aPsicoanálisis y marxismo / _cGuillermo Delahanty. |
| 260 |
_aMéxico : _bPlaza y Valdés : _bUAM-X, _c1987. |
||
| 300 | _a202 p. | ||
| 440 | 0 | _aFolios universitarios | |
| 650 | 4 |
_aPsicoanálisis _91572 |
|
| 650 | 4 |
_aComunismo _96792 |
|
| 650 | 4 | _aPSICOLOGIA APLICADA | |
| 905 | _aLibro | ||
| 999 |
_c49249 _d49249 |
||